| 000 | 00479nam a22001697a 4500 | ||
|---|---|---|---|
| 003 | OSt | ||
| 005 | 20260422005619.0 | ||
| 008 | 260422b |||||||| |||| 00| 0 eng d | ||
| 020 | _a971-501-527-1 | ||
| 040 |
_aDWCL-Main lib _cOC |
||
| 082 | _aCirc. 211 H384h 1997 | ||
| 100 | _aHendrickx, Herman | ||
| 245 |
_aThe household of God/ _cHendrickx, Herman |
||
| 260 |
_aPhilippines : _bClaretian pub., _cc1992. |
||
| 300 |
_ax 142 p. ; _c21 cm. |
||
| 942 |
_2ddc _cBK-CIRC _hCirc. _n0 |
||
| 999 |
_c9633 _d9633 |
||